| 000 | 00699na a2200253 4500 | ||
|---|---|---|---|
| 001 | 14301 | ||
| 003 | MIRAKIL | ||
| 005 | 20181213154805.0 | ||
| 008 | 161025b tu 000 0 | ||
| 020 | _a9751606128 | ||
| 035 | _a14301 | ||
| 040 |
_aMilas _btur _cTR-AnCHP |
||
| 041 | _atur | ||
| 082 |
_a956.10141 _bG72e 1994 |
||
| 090 | _a956.10141 G72e 1994 | ||
| 100 | _aGöde, Kemal | ||
| 245 |
_aEratnalılar (1327- 1381) _cKemal Göde |
||
| 260 |
_aAnkara _bTürk Tarih Kurumu Basımevi _c1994 |
||
| 300 |
_a203 s. _btbl. _c23 sm. |
||
| 490 |
_aTürk Tarih Kurumu Yayınları _vVII |
||
| 504 | _aKaynakça ve dizin var. | ||
| 650 |
_aEratnalılar Devleti _xTürk tarihi |
||
| 942 |
_2ddc _cBKS |
||
| 999 |
_c889 _d889 |
||